UM Logo

3G handy guide : (Record no. 18457)

MARC details
000 -LEADER
fixed length control field 00669nam a22001937a 4500
005 - DATE AND TIME OF LATEST TRANSACTION
control field 20260330105434.0
008 - FIXED-LENGTH DATA ELEMENTS--GENERAL INFORMATION
fixed length control field 231120b ||||| |||| 00| 0 eng d
020 ## - INTERNATIONAL STANDARD BOOK NUMBER
International Standard Book Number 9781984680808
082 ## - DEWEY DECIMAL CLASSIFICATION NUMBER
Edition number
Classification number DC 629.287 T413 2023
Item number
100 ## - MAIN ENTRY--PERSONAL NAME
Personal name 3G E-Learning.
9 (RLIN) 33638
245 ## - TITLE STATEMENT
Title 3G handy guide :
Remainder of title automotive repairing /
Statement of responsibility, etc. 3G E-Learning.
250 ## - EDITION STATEMENT
Edition statement 2nd Edition.
260 ## - PUBLICATION, DISTRIBUTION, ETC. (IMPRINT)
Place of publication, distribution, etc. New York:
Name of publisher, distributor, etc. 3G E-Learning LLC,
Date of publication, distribution, etc. ©2023.
300 ## - PHYSICAL DESCRIPTION
Extent x, 206 pages :
Other physical details color illustrations ;
Dimensions 22.5 cm.
Accompanying material 1 compact disc.
500 ## - GENERAL NOTE
General note Includes references, glossary and index.
650 ## - SUBJECT ADDED ENTRY--TOPICAL TERM
Topical term or geographic name as entry element Automobiles
General subdivision Maintenance and repair.
9 (RLIN) 50102
710 ## - ADDED ENTRY--CORPORATE NAME
Corporate name or jurisdiction name as entry element 3G E-Learning.
9 (RLIN) 33638
942 ## - ADDED ENTRY ELEMENTS (KOHA)
Source of classification or shelving scheme Dewey Decimal Classification
Koha item type Circulation
Holdings
Withdrawn status Lost status Source of classification or shelving scheme Damaged status Not for loan Collection code Home library Current library Date acquired Source of acquisition Cost, normal purchase price Total Checkouts Full call number Barcode Date last seen Copy number Koha item type
    Dewey Decimal Classification     Circulation UM Digos College - LIC UM Digos College - LIC 08/08/2023 Purchased 6995.00   DC 629.287 T413 2023 27252 05/15/2025 1 Circulation
    Dewey Decimal Classification     Circulation UM Digos College - LIC UM Digos College - LIC 08/08/2023 Purchased 6995.00   DC 629.287 T413 2023 27253 05/15/2025 2 Circulation
    Dewey Decimal Classification     Circulation UM Digos College - LIC UM Digos College - LIC 08/08/2023 Purchased 6995.00   DC 629.287 T413 2023 27254 05/15/2025 3 Circulation